Top 20 Countries with Largest Smallest Neighbour - Statistics

General Stats
  • This quiz has been taken 114 times
  • The average score is 13 of 20
Answer Stats
Area Country % Correct
1964 United States
89%
9526 Canada
87%
9640 Mongolia
81%
3166 Bhutan
80%
3166 Nepal
80%
2780 Uruguay
78%
1221 Lesotho
74%
1098 Chile
72%
1098 Paraguay
68%
801 Swaziland
64%
1759 Tunisia
64%
1141 Ecuador
63%
1904 Papua New Guinea
60%
676 Bangladesh
57%
1904 East Timor
56%
652 Pakistan
48%
640 Monaco
37%
582 Zimbabwe
36%
582 Namibia
34%
752 Malawi
33%
No matching quizzes found
Score Distribution
Percent of People with Each Score
Percentile by Number Answered
Your Score History
You have not taken this quiz